000 00354nam a22001457a 4500
008 250417b ||||| |||| 00| 0 eng d
020 _a9789951057646
041 _aSHQIP
080 _22023
_a82EXU
082 _282EXU
_a82EXU
100 _a01
101 _aGJUHE DHE LETERSI
245 _aPRINCI I VOGEL
_cANTOINE DE SAINT EXUPERY
942 _2udc
_cBK
999 _c60652
_d60652